000 00818nas a2200289 4500
001 BR0600491
003 BR-BrBNA
005 20231205105830.0
007 ta
008 230509b bl.|||p| |||| 00| 00por d
040 _aBR-BrBNA
_bpor
_cBiblioteca Nacional de Agricultura
041 _a(Pt)
072 _aQ04
100 1 _aMartins, O.A.
100 1 _aGraner, C.A.F.
245 1 _aEstudo do método colorimétrico de nitrito para sais de cura
650 _aSAL
650 _aNITRITO DE SÓDIO
650 _aCOLORIMETRIA
650 _aANÁLISE QUÍMICA
650 _aREFRIGERAÇÃO
650 _aTEMPO
650 _aSÃO PAULO
773 0 _tHigiene Alimentar (Brazil)
_xISSN 0101-9171
_g(Oct 2005), v. 19(136) p. 101-108
_wBR0600491
909 _a202311
_bLúcia
_c55
_dLúcia Elande
942 _2AGRIS
_n0
_cANA
999 _c184898
_d184898